| 000 | 00000nam##2200000za#4500 |
| 001 | 9.580966 |
| 003 | CaOODSP |
| 005 | 20210624191308 |
| 007 | cr ||||||||||| |
| 008 | 150406|2003||||xxc|||||o f|0| 0 eng|d |
| 040 | |aCaOODSP|beng |
| 043 | |an-cn--- |
| 086 | 1 |aNH18-22/102-112E-PDF |
| 110 | 2 |aCanada Mortgage and Housing Corporation. |
| 245 | 10|aCommunity energy management – Foundation paper |h[electronic resource] |
| 250 | |aRevised 2006 |
| 260 | |aOttawa - Ontario : |bCanada Mortgage and Housing Corporation |cc2003, 2006. |
| 300 | |a6p.|bfigs. |
| 490 | 1 |aResearch highlight. Technical series |v02-112 |
| 500 | |aFile reproduced from original print. |
| 590 | |a14-17-Supp|b2014-10-09 |
| 775 | 08|tGestion communautaire de l'énergie – Document de base |w(CaOODSP)9.607865 |
| 776 | 0#|tCommunity energy management - foundation paper |w(CaOODSP)9.616416 |
| 830 | #0|aResearch highlight. Technical series ;|v02-112|w(CaOODSP)9.504482 |
| 856 | 40|ahttp://publications.gc.ca|qPDF|s651 KB|uhttps://publications.gc.ca/collections/collection_2014/schl-cmhc/NH18-22-102-112-eng.pdf|y02-112 |